[Event "Manhattan op"]
[Site "New York"]
[Date "1991.??.??"]
[Round "?"]
[White "Young, Ronald"]
[Black "Agrest, Evgenij"]
[Result "1-0"]
[WhiteElo "2290"]
[BlackElo "2475"]
[PlyCount "109"]
[EventDate "1991.??.??"]
[EventType "swiss"]
[EventRounds "9"]
[EventCountry "USA"]
[SourceTitle "EXT 2000"]
[Source "ChessBase"]
[SourceDate "1999.11.16"]
[SourceVersion "1"]
[SourceVersionDate "1999.11.16"]
[SourceQuality "1"]

1. e4 e6 2. d4 d5 3. Nc3 Bb4 4. e5 c5 5. a3 Bxc3+ 6. bxc3 Qa5 7. Nf3 cxd4 8. Bd3 Nc6 9. 0-0 Qxc3 10. Rb1 Nge7 11. Rb5 Nd8 12. Bb2 Qc7 13. Bxd4 Bd7 14. Rb3 b6 15. Qe2 Ndc6 16. Bb2 Ng6 17. g3 0-0 18. Qe3 Qd8 19. h4 Nge7 20. h5 Nf5 21. Bxf5 exf5 22. h6 Be6 23. hxg7 Kxg7 24. Bc1 Kh8 25. Qh6 Rg8 26. Bg5 Rg6 27. Qh5 Qf8 28. Nh4 Rxg5 29. Qxg5 Qg7 30. Qxg7+ Kxg7 31. Rc3 Nxe5 32. Rc7 Rc8 33. Rxc8 Bxc8 34. Re1 Kf6 35. f4 Nc4 36. Ra1 Bd7 37. Nf3 a5 38. Kf2 a4 39. Ke2 Ke7 40. Kd3 Kd6 41. Nd2 Na5 42. Rh1 Kc5 43. Rxh7 Be6 44. Rh1 d4 45. Re1 Bc4+ 46. Nxc4 Nxc4 47. Re7 Nxa3 48. Rxf7 Kb4 49. Rxf5 Nc4 50. Rh5 a3 51. Rh1 Kc5 52. g4 b5 53. g5 Kd5 54. g6 Ke6 55. Rg1 1-0